Response to Joyce Olewski Inman and Rebecca A. Powell's "In the absence of grades: dissonance and desire in course-contract classrooms" / (Record no. 21243)
[ view plain ]
| 000 -LEADER | |
|---|---|
| fixed length control field | 01098nam a22002417a 4500 |
| 003 - CONTROL NUMBER IDENTIFIER | |
| control field | OSt |
| 005 - DATE AND TIME OF LATEST TRANSACTION | |
| control field | 20250320091814.0 |
| 008 - FIXED-LENGTH DATA ELEMENTS--GENERAL INFORMATION | |
| fixed length control field | 240903b ||||| |||| 00| 0 eng d |
| 040 ## - CATALOGING SOURCE | |
| Transcribing agency | 0 |
| 082 ## - DEWEY DECIMAL CLASSIFICATION NUMBER | |
| Classification number | DPer 808.042 C686 June 2019 - February 2020, v. 70-71, n. 1-4. |
| 100 ## - MAIN ENTRY--PERSONAL NAME | |
| Personal name | Albracht, Lindsey. |
| Relator term | author. |
| 9 (RLIN) | 59970 |
| 245 ## - TITLE STATEMENT | |
| Title | Response to Joyce Olewski Inman and Rebecca A. Powell's "In the absence of grades: dissonance and desire in course-contract classrooms" / |
| Statement of responsibility, etc. | Lindsey Albracht, Al Harahap, Amanda Pratt, Ranmali Rodrigo, Clare Russell, and Virginia M. Schwarz. |
| 260 ## - PUBLICATION, DISTRIBUTION, ETC. (IMPRINT) | |
| Place of publication, distribution, etc. | USA ; |
| Name of publisher, distributor, etc. | National Council of Teachers of English, |
| Date of publication, distribution, etc. | September 2019. |
| 300 ## - PHYSICAL DESCRIPTION | |
| Extent | volume 71, pages 145-158. |
| 500 ## - GENERAL NOTE | |
| General note | College Composition & Communication, v. 71 n. 1, pages 145-151, September 2019. |
| 700 ## - ADDED ENTRY--PERSONAL NAME | |
| Personal name | Albracht, Lindsey. |
| Relator term | author. |
| 9 (RLIN) | 59970 |
| 700 ## - ADDED ENTRY--PERSONAL NAME | |
| Personal name | Harahap, Al. |
| Relator term | author. |
| 9 (RLIN) | 59971 |
| 700 ## - ADDED ENTRY--PERSONAL NAME | |
| Personal name | Pratt, Amanda. |
| Relator term | author. |
| 9 (RLIN) | 59972 |
| 700 ## - ADDED ENTRY--PERSONAL NAME | |
| Personal name | Rodrigo, Ranmali. |
| Relator term | author. |
| 9 (RLIN) | 59973 |
| 700 ## - ADDED ENTRY--PERSONAL NAME | |
| Personal name | Russell, Clare. |
| Relator term | author. |
| 9 (RLIN) | 59974 |
| 700 ## - ADDED ENTRY--PERSONAL NAME | |
| Personal name | Schwarz, Virginia M. |
| Relator term | author. |
| 9 (RLIN) | 59975 |
| 942 ## - ADDED ENTRY ELEMENTS (KOHA) | |
| Source of classification or shelving scheme | Dewey Decimal Classification |
| Koha item type | Periodicals |
| Withdrawn status | Lost status | Source of classification or shelving scheme | Damaged status | Not for loan | Collection code | Home library | Current library | Date acquired | Total Checkouts | Full call number | Date last seen | Price effective from | Koha item type | Public note |
|---|---|---|---|---|---|---|---|---|---|---|---|---|---|---|
| Dewey Decimal Classification | Periodicals | UM Digos College - LIC | UM Digos College - LIC | 09/03/2024 | DPer 808.042 C686 June 2019 - February 2020, vol 70-71, no. 1-4. | 09/03/2024 | 09/03/2024 | Periodicals | Periodical Article |
